| 000 | 00983nam a2200253 a 4500 | ||
|---|---|---|---|
| 001 | 000001789 | ||
| 005 | 20240430192052.0 | ||
| 008 | 090629s2007 cu ac 001 0 spa d | ||
| 020 | _a9789592113084 | ||
| 040 |
_aDO-SdBNP _bspa _cBNPHU |
||
| 082 |
_a320.7291 _bD449s |
||
| 245 | 0 | 0 |
_aDesde la soledad y la esperanza : _bAntonio Fernando Ramón René Gerardo / _ceditor asesor Eduardo Heras León ; prólogo Roberto Fernández Retamar. |
| 260 |
_aLa Habana : _bCapitán San Luis, _c2007. |
||
| 300 |
_a246 p. : _bil., retrs. |
||
| 500 | _aIncluye datos biográficos de los autores. | ||
| 651 | 4 |
_aCuba _xPolítica Y Gobierno _y1959 _95805 |
|
| 650 | 4 |
_aEspionaje _93233 |
|
| 650 | 0 |
_aTerrorismo _93230 |
|
| 651 | 4 |
_aCuba _xRelacciones Exteriores _xEstados Unidos _95806 |
|
| 651 | 4 |
_aEstados Unidos _xRelaciones Exteriores _xCuba _95807 |
|
| 700 | 1 |
_aHeras León, Eduardo, _eed. _95800 |
|
| 700 | 1 |
_aFernández Retamar, Roberto, _epról. _95808 |
|
| 910 | _aValidado. Control de calidad EMS | ||
| 999 |
_c1666 _d1666 |
||